Normal view
MARC view
- تأليف فريق فرسان الانتاج
Entry Personal Name
001 - CONTROL NUMBER
- control field: 56746
003 - CONTROL NUMBER IDENTIFIER
- control field: JO-AjAnu
005 - DATE AND TIME OF LATEST TRANSACTION
- control field: 20230606083310.0
008 - FIXED-LENGTH DATA ELEMENTS
- fixed length control field: 230606|| aca||aabn | a|a d
040 ## - CATALOGING SOURCE
- Original cataloging agency: JO-AjAnu
- Transcribing agency: JO-AjAnu
100 ## - HEADING--PERSONAL NAME
- Personal name: تأليف فريق فرسان الانتاج
670 ## - SOURCE DATA FOUND
- Source citation: Work cat.: (JO-AjAnu)28957: تأليف فريق فرسان الانتاج, author, معا في عالم صيانة الحاسب طريقة العمل-المشاكل-الحلول اكثر من1000مشكلة وحلها